[Event "Groningen Combinatie op"]
[Site "Groningen"]
[Date "2017.05.25"]
[Round "1"]
[White "Patil, Mahesh"]
[Black "Elgersma, Simon"]
[Result "0-1"]
[WhiteElo "1734"]
[BlackElo "2201"]
[PlyCount "82"]
[EventDate "2017.05.25"]
[EventType "swiss"]
[EventRounds "7"]
[EventCountry "NED"]
[SourceTitle "CBM 178 Extra"]
[Source "ChessBase"]
[SourceDate "2017.06.22"]
[SourceVersion "1"]
[SourceVersionDate "2017.06.22"]
[SourceQuality "1"]

1. e4 e6 2. d4 d5 3. exd5 exd5 4. Nf3 Nf6 5. c4 Bb4+ 6. Nc3 0-0 7. Be2 Ne4 8. Qb3 c5 9. 0-0 cxd4 10. Nxd5 Bc5 11. Bf4 Nd6 12. Bd3 Nc6 13. Qc2 h6 14. a3 a5 15. Rae1 Be6 16. Qc1 Nf5 17. Nc7 g5 18. Rxe6 fxe6 19. Nxe6 Qe7 20. Nxf8 Rxf8 21. Re1 Qd7 22. Ne5 Nxe5 23. Bxe5 Qf7 24. Be4 Ne7 25. f3 Qh5 26. g4 Qf7 27. h4 d3+ 28. Kg2 Rd8 29. Qd2 Ng6 30. Bd5 Rxd5 31. cxd5 Nxh4+ 32. Kh3 Nxf3 33. Qxa5 Nxe1 34. Qxe1 Qf2 35. Bg3 Qxe1 36. Bxe1 Be3 37. d6 Kf7 38. Kg3 d2 39. Bxd2 Bxd2 40. Kf3 Bc1 41. Ke4 Ke6 0-1

[Event "Rotterdam Pathena op"]
[Site "Rotterdam"]
[Date "2015.05.02"]
[Round "1"]
[White "Evengroen, Henk Jan"]
[Black "Patil, Mahesh"]
[Result "1-0"]
[WhiteElo "2204"]
[BlackElo "1553"]
[PlyCount "55"]
[EventDate "2015.05.02"]
[EventType "swiss"]
[EventRounds "7"]
[EventCountry "NED"]
[SourceTitle "CBM 166 Extra"]
[Source "ChessBase"]
[SourceDate "2015.06.18"]
[SourceVersion "1"]
[SourceVersionDate "2015.06.18"]
[SourceQuality "1"]

1. d4 Nf6 2. c4 d5 3. cxd5 Nxd5 4. e4 Nb6 5. Nf3 e6 6. Be2 Be7 7. 0-0 0-0 8. Nc3 N8d7 9. Bf4 c5 10. d5 exd5 11. exd5 Re8 12. Nb5 Bf6 13. Nc7 Ne5 14. Nxe8 Nxf3+ 15. Bxf3 Qxe8 16. Re1 Qb5 17. a4 Qd7 18. a5 Nc4 19. Qa4 b5 20. axb6 Qxa4 21. Rxa4 g5 22. Rxa7 Rxa7 23. bxa7 Bb7 24. d6 Bxf3 25. gxf3 Nb6 26. Re8+ Kg7 27. Be5 Bxe5 28. Rxe5 1-0